[Event "Amplico ch-EUR Rapid"]
[Site "Warsaw POL"]
[Date "2012.12.16"]
[Round "10.30"]
[White "Deszczynski, Adam"]
[Black "Yakovich, Yuri"]
[Result "1/2-1/2"]
[BlackTitle "GM"]
[WhiteElo "2371"]
[BlackElo "2517"]
[WhiteFideId "1102753"]
[BlackFideId "4100654"]
[EventDate "2012.12.15"]

1. e4 c5 2. Nf3 e6 3. d3 Nc6 4. g3 Nge7 5. Bg2 g6 6. O-O Bg7 7. Qe2 d6 8. c3 O-O
9. Na3 e5 10. Nc4 h6 11. a4 Be6 12. Ne1 d5 13. exd5 Nxd5 14. Nf3 Qc7 15. Re1
Rfe8 16. Nfxe5 Nxe5 17. Nxe5 Bxe5 18. Qxe5 Bd7 19. Qxe8+ Rxe8 20. Rxe8+ Bxe8 21.
Bxd5 Kg7 22. Be3 Bc6 23. Bxc6 Qxc6 24. a5 Qb5 25. b4 cxb4 26. cxb4 a6 27. Bd4+
Kh7 28. Bc5 Qxd3 29. h4 Kg7 30. Re1 Kf6 31. Re3 Qd5 32. Kh2 Kf5 33. f3 h5 34.
Kg2 f6 35. Re4 Qd2+ 36. Kg1 Qb2 37. Bf2 g5 38. hxg5 Kxg5 39. Be3+ Kg6 40. Bc5
Qc2 41. Be3 Qe2 42. Bf2 Qxf3 43. Rf4 Qd3 44. Kg2 Kf7 45. Bc5 Ke6 46. Rd4 Qe2+
47. Kh3 Qf3 48. Kh2 Qe2+ 49. Kh3 Ke5 50. Rf4 Qd2 51. Rh4 Qd1 52. Kg2 Kd5 53. Rf4
Qe2+ 54. Kh3 Qe6+ 55. Kh4 Qe1 56. Kxh5 Qxg3 57. Rxf6 Ke4 58. Kh6 Qg4 59. Rd6 Kf5
60. Kh7 Qh5+ 61. Kg7 Qe8 62. Rf6+ Kg5 63. Rb6 Qd7+ 64. Kf8 Kf5 65. Rd6 Qc7 66.
Ke8 Ke5 67. Rb6 Kd5 68. Rd6+ Kc4 69. Rb6 Qc8+ 70. Ke7 Kd5 71. Rd6+ Ke5 72. Rb6
Qc7+ 73. Ke8 Kd5 74. Rd6+ Kc4 75. Rb6 Kb3 76. Rd6 1/2-1/2

[Event "Amplico ch-EUR Rapid"]
[Site "Warsaw POL"]
[Date "2012.12.16"]
[Round "10.33"]
[White "Kuraszkiewicz, Michael"]
[Black "Jaracz, Pawel"]
[Result "1-0"]
[WhiteTitle "FM"]
[BlackTitle "GM"]
[WhiteElo "2350"]
[BlackElo "2548"]
[WhiteFideId "4618149"]
[BlackFideId "1102222"]
[EventDate "2012.12.15"]

1. d4 d5 2. c4 dxc4 3. e3 Nf6 4. Bxc4 e6 5. Nf3 a6 6. O-O Nbd7 7. Qe2 b5 8. Bd3
c5 9. a4 c4 10. Bc2 Bb7 11. b3 cxb3 12. Bxb3 b4 13. a5 Bd6 14. Nbd2 O-O 15. e4
Bf4 16. e5 Nd5 17. Ne4 Bxc1 18. Rfxc1 Rc8 19. Nd6 Nc3 20. Qd3 Bxf3 21. Qxf3 Rc7
22. Qd3 Qg5 23. Re1 Ra8 24. Nxf7 1-0

[Event "Amplico ch-EUR Rapid"]
[Site "Warsaw POL"]
[Date "2012.12.16"]
[Round "10.34"]
[White "Maiorov, Nikita1"]
[Black "Kantans, Toms"]
[Result "1-0"]
[WhiteTitle "GM"]
[BlackTitle "FM"]
[WhiteElo "2541"]
[BlackElo "2355"]
[WhiteFideId "13501720"]
[BlackFideId "11602945"]
[EventDate "2012.12.15"]

1. d4 Nf6 2. c4 g6 3. Nf3 Bg7 4. g3 O-O 5. Bg2 d5 6. O-O Nc6 7. Na3 Bf5 8. e3
Be4 9. Qe2 Nb4 10. Rd1 c6 11. b3 a5 12. Bb2 h6 13. Bh3 Nh7 14. Ne1 g5 15. Nb1
Bxb1 16. Rdxb1 f5 17. a3 Na6 18. cxd5 Qxd5 19. Bg2 Qf7 20. Nd3 g4 21. b4 axb4
22. axb4 Nc7 23. Nc5 Nd5 24. b5 Rxa1 25. Bxa1 e6 26. bxc6 bxc6 27. Qa6 Qe8 28.
Rc1 Ng5 29. Nd3 Ne7 30. Bc3 Qa8 31. Qc4 Rc8 32. Nf4 Kf7 33. Bb4 Bf8 34. Bxe7
Bxe7 35. d5 exd5 36. Nxd5 Ba3 37. Nb6+ 1-0

[Event "Amplico ch-EUR Rapid"]
[Site "Warsaw POL"]
[Date "2012.12.16"]
[Round "10.35"]
[White "Klekowski, Maciej"]
[Black "Piorun, Kacper"]
[Result "0-1"]
[BlackTitle "GM"]
[WhiteElo "2338"]
[BlackElo "2529"]
[WhiteFideId "1132717"]
[BlackFideId "1130420"]
[EventDate "2012.12.15"]

1. c4 g6 2. g3 Bg7 3. Bg2 c5 4. Nc3 Nc6 5. e4 d6 6. Nge2 h5 7. h4 Nh6 8. d3 Bd7
9. Bf4 a6 10. O-O Rb8 11. a4 Ng4 12. Kh1 Nge5 13. b3 Nd4 14. Nxd4 cxd4 15. Ne2
Ng4 16. f3 Ne3 17. Bxe3 dxe3 18. d4 g5 19. hxg5 h4 20. f4 hxg3+ 21. Kg1 e5 22.
dxe5 dxe5 23. f5 Qxg5 24. Rf3 Rd8 25. Rxg3 Qf6 26. Qc2 Bh6 27. Rd1 Bc6 28. Rd3
Bf4 29. Nxf4 exf4 30. Rf3 Rxd3 31. Qxd3 Qe5 32. Rf1 Rg8 33. Qc2 Bxe4 0-1

[Event "Amplico ch-EUR Rapid"]
[Site "Warsaw POL"]
[Date "2012.12.16"]
[Round "10.36"]
[White "Warakomski, Tomasz"]
[Black "Kujawski, Adam"]
[Result "1-0"]
[WhiteTitle "IM"]
[WhiteElo "2490"]
[BlackElo "2325"]
[WhiteFideId "1124552"]
[BlackFideId "1100920"]
[EventDate "2012.12.15"]

1. e4 e5 2. Nf3 Nc6 3. Nc3 Nf6 4. a3 d6 5. d4 exd4 6. Nxd4 g6 7. Nde2 Bg7 8. g3
O-O 9. Bg2 Ne5 10. f4 Nc4 11. Qd3 Nb6 12. O-O Be6 13. b3 c6 14. h3 d5 15. e5
Nfd7 16. Nd4 a6 17. Nxe6 fxe6 18. h4 c5 19. Kh2 c4 20. Qe3 cxb3 21. cxb3 Rc8 22.
Ne2 Rc2 23. Bd2 Qe7 24. Nd4 Rfc8 25. Bh3 R8c3 26. Qxc3 Rxc3 27. Bxe6+ Kf8 28.
Bxc3 Nc5 29. Bb4 a5 30. Bxa5 Nxe6 31. Bb4 Nc5 32. Bxc5 1-0

[Event "Amplico ch-EUR Rapid"]
[Site "Warsaw POL"]
[Date "2012.12.16"]
[Round "10.39"]
[White "Klimov, Sergey"]
[Black "Lach, Aleksandra"]
[Result "1-0"]
[WhiteTitle "GM"]
[BlackTitle "WF"]
[WhiteElo "2504"]
[BlackElo "2176"]
[WhiteFideId "4121759"]
[BlackFideId "1134299"]
[EventDate "2012.12.15"]

1. e4 c5 2. Nf3 d6 3. d4 cxd4 4. Nxd4 Nf6 5. Nc3 a6 6. Bg5 e6 7. f4 h6 8. Bh4
Qb6 9. Qd2 Qxb2 10. Rb1 Qa3 11. e5 dxe5 12. fxe5 g5 13. Bg3 Nh5 14. Ne4 Nd7 15.
Be2 Nxg3 16. hxg3 Qxa2 17. O-O Qd5 18. Bh5 Rh7 19. Qf2 Qxe4 20. Bxf7+ Ke7 21.
Nxe6 Bg7 22. Bg8 Bxe5 23. Rbe1 Qg6 24. Rxe5 Qxg8 25. Re2 Kd6 26. Qd4+ Kc6 27.
Rf3 b5 28. Rc3+ Kb7 29. Qd5+ Kb8 30. Qd6+ Ka7 31. Rc7+ Bb7 32. Nc5 Nb6 33. Ree7
Rxe7 34. Qxe7 1-0

[Event "Amplico ch-EUR Rapid"]
[Site "Warsaw POL"]
[Date "2012.12.16"]
[Round "10.40"]
[White "Eggink, Ryszard"]
[Black "Sadzikowski, Daniel"]
[Result "1-0"]
[BlackTitle "IM"]
[WhiteElo "2063"]
[BlackElo "2449"]
[WhiteFideId "1125869"]
[BlackFideId "1132253"]
[EventDate "2012.12.15"]

1. e4 e6 2. d4 d5 3. Nc3 Nf6 4. e5 Nfd7 5. f4 c5 6. Nf3 Nc6 7. Be3 Be7 8. Qd2
O-O 9. dxc5 Bxc5 10. Bxc5 Nxc5 11. O-O-O Qa5 12. Kb1 Bd7 13. Nd4 Rfd8 14. g4 Be8
15. Bg2 Rab8 16. Rhe1 Qb6 17. Qe3 Na5 18. Bf1 Nc4 19. Bxc4 dxc4 20. f5 Nd3 21.
cxd3 Qxd4 22. dxc4 Qxe3 23. Rxe3 Rxd1+ 24. Nxd1 Rd8 25. Nc3 Rd4 26. Re4 Rd3 27.
Kc2 Rh3 28. Re2 Bc6 29. fxe6 fxe6 30. Ne4 Bxe4+ 31. Rxe4 Rxh2+ 32. Kc3 Rh3+ 33.
Kb4 Kf7 34. a4 Rh4 35. Rd4 Ke7 36. Kc3 Rh3+ 37. Rd3 Rh1 38. g5 Rg1 39. Rh3 Rxg5
40. Rxh7 Kf7 41. Kd4 Rg4+ 42. Kc5 Re4 43. Rh5 Kg6 44. Rh2 Rxe5+ 45. Kd6 Re4 46.
Rc2 Kf5 47. Kc7 b6 48. Kb7 Re3 49. Kxa7 Rb3 50. a5 bxa5 51. c5 Rh3 52. c6 Rh8
53. c7 g5 54. c8=Q Rxc8 55. Rxc8 g4 56. Ka6 g3 57. Rg8 Kf4 58. Kxa5 e5 59. Kb4
e4 60. Kc3 e3 61. Kd3 Kf3 62. Rf8+ 1-0

[Event "Amplico ch-EUR Rapid"]
[Site "Warsaw POL"]
[Date "2012.12.16"]
[Round "10.41"]
[White "Nasuta, Grzegorz"]
[Black "Edouard, Romain"]
[Result "0-1"]
[BlackTitle "GM"]
[WhiteElo "2270"]
[BlackElo "2686"]
[WhiteFideId "1141686"]
[BlackFideId "633429"]
[EventDate "2012.12.15"]

1. e4 c5 2. Nf3 d6 3. d4 cxd4 4. Nxd4 Nf6 5. Nc3 a6 6. Bg5 Nbd7 7. Bc4 Qa5 8.
Qd2 h6 9. Be3 Ne5 10. Bb3 Neg4 11. O-O-O Nxe3 12. Qxe3 e6 13. f4 Be7 14. Rhg1
Qc5 15. Qf3 Bd7 16. g4 g5 17. f5 e5 18. Nde2 b5 19. Nd5 a5 20. Nxf6+ Bxf6 21.
Kb1 Rc8 22. c3 a4 23. Bd5 b4 24. Rc1 a3 25. cxb4 Qxb4 26. Rxc8+ Bxc8 27. Qxa3
Qxa3 28. bxa3 h5 29. Ng3 hxg4 30. Rg2 Ba6 31. Rb2 Bd8 32. Rb8 f6 33. Ra8 Bd3+
34. Kc1 Rxh2 35. Bc6+ Ke7 36. Ra7+ Kf8 37. Ra8 Rc2+ 38. Kd1 Rxc6 39. Rxd8+ Ke7
40. Rh8 Ra6 41. Rh7+ Kd8 42. Rf7 Bc4 43. Rxf6 Ke7 44. Rh6 Rxa3 45. f6+ Ke6 46.
Nf5 g3 47. Ke1 Rf3 48. f7+ Kxf7 49. Nxd6+ Kg7 50. Rh5 Kg6 51. Nxc4 Kxh5 52. Nxe5
Rf8 0-1

[Event "Amplico ch-EUR Rapid"]
[Site "Warsaw POL"]
[Date "2012.12.16"]
[Round "10.43"]
[White "Barski, Radoslaw"]
[Black "Jurcik, Marian"]
[Result "0-1"]
[BlackTitle "IM"]
[WhiteElo "2257"]
[BlackElo "2496"]
[WhiteFideId "1131710"]
[BlackFideId "14907518"]
[EventDate "2012.12.15"]

1. e4 c5 2. Nf3 Nc6 3. Bb5 g6 4. O-O Bg7 5. Bxc6 bxc6 6. c3 Nf6 7. Re1 O-O 8. d4
cxd4 9. cxd4 d5 10. e5 Ne4 11. Nbd2 c5 12. dxc5 Nxc5 13. Nb3 Nxb3 14. Qxb3 a5
15. Nd4 a4 16. Qd1 Qb6 17. Rb1 e6 18. f4 Bd7 19. Be3 Qa6 20. g4 Bb5 21. Bf2 Rfc8
22. Re3 Rc7 23. Qf3 Rac8 24. Rbe1 Rc4 25. Rd1 Bf8 26. f5 Rc1 27. Ree1 Rxd1 28.
Rxd1 Bg7 29. f6 Bf8 30. a3 Bc4 31. Be1 Bb3 32. Ra1 Bc2 33. Bc3 Be4 34. Qg3 Rc4
35. Qe3 Rc8 36. Rd1 Qc4 37. Kf2 h6 38. Kg3 Kh7 39. h4 Bxa3 40. Bd2 Bf8 41. Rc1
Qa6 42. Rxc8 Qxc8 43. h5 g5 44. Bc3 Qc4 45. Kf2 Bc5 46. Qd2 Qa2 47. Qc1 a3 48.
Ke1 Qc4 49. Qd2 a2 50. b3 Qa6 51. Ba1 Qa3 52. Qb2 Bb4+ 53. Kf2 Qa6 54. Qe2 Bd3
55. Qd1 Be4 56. Qe2 Qa7 57. Qd1 Qc5 58. Ke3 Bc3 59. b4 Qxb4 60. Kf2 Qb1 0-1

[Event "Amplico ch-EUR Rapid"]
[Site "Warsaw POL"]
[Date "2012.12.16"]
[Round "10.44"]
[White "Kopinits, Anna-Christina"]
[Black "Gorovets, Andrey"]
[Result "0-1"]
[WhiteTitle "WIM"]
[BlackTitle "IM"]
[WhiteElo "2247"]
[BlackElo "2474"]
[WhiteFideId "1614142"]
[BlackFideId "13504037"]
[EventDate "2012.12.15"]

1. e4 c5 2. Nf3 e6 3. d4 cxd4 4. Nxd4 a6 5. Nc3 Qc7 6. Be2 Nf6 7. O-O Bc5 8. Nb3
Ba7 9. Kh1 h5 10. f4 d6 11. f5 Nc6 12. Bg5 Ne5 13. Bxf6 gxf6 14. Bxh5 Ke7 15.
Nd4 Bxd4 16. Qxd4 Rxh5 17. fxe6 Bxe6 18. Rf4 Rah8 19. h3 Qc5 20. Qd2 Bxh3 21.
Nd5+ Kd8 22. Ne3 Bxg2+ 0-1

[Event "Amplico ch-EUR Rapid"]
[Site "Warsaw POL"]
[Date "2012.12.16"]
[Round "10.45"]
[White "Gerasimenyk, M."]
[Black "Dragun, Kamil"]
[Result "0-1"]
[WhiteTitle "FM"]
[BlackTitle "IM"]
[WhiteElo "2225"]
[BlackElo "2461"]
[WhiteFideId "14111845"]
[BlackFideId "1134167"]
[EventDate "2012.12.15"]

1. d4 Nf6 2. Nf3 g6 3. c4 Bg7 4. Nc3 d5 5. Bg5 Ne4 6. Bh4 Nxc3 7. bxc3 dxc4 8.
e3 Be6 9. Be2 Nd7 10. O-O Nb6 11. e4 O-O 12. Ng5 Bd7 13. f4 h6 14. Nf3 Bc6 15.
Qc2 Qd6 16. Ne5 Ba4 17. Qb2 c5 18. Bf2 cxd4 19. cxd4 Rac8 20. Rac1 e6 21. Be3
Bc6 22. Qb1 Qa3 23. Rf3 c3 24. Nxc6 Rxc6 25. Bb5 Rc7 26. Qb3 Qxb3 27. axb3 Rd8
28. e5 a6 29. Bd3 Nd5 30. Be4 Nxe3 31. Rxe3 Rxd4 32. Kf2 Bf8 33. Kf3 Bb4 34. Rd3
Rxd3+ 35. Bxd3 Rd7 36. Ke4 a5 37. g4 Bc5 38. Rxc3 Rd4+ 39. Kf3 b6 40. Be4 Rd2
41. h3 g5 42. f5 Rf2+ 43. Kg3 Rf4 44. Bc2 Kf8 45. f6 Ke8 46. Rd3 Bf2+ 47. Kg2
Bd4 48. Bd1 Bxe5 49. Bf3 Bxf6 50. Bc6+ Kf8 51. Rd7 Bd4 52. Rb7 Bc5 53. Kg3 Rd4
54. Bb5 Rb4 55. Bc4 a4 0-1

[Event "Amplico ch-EUR Rapid"]
[Site "Warsaw POL"]
[Date "2012.12.16"]
[Round "10.46"]
[White "Djuric, Stefan"]
[Black "Sygulski, Pawel"]
[Result "1-0"]
[WhiteTitle "GM"]
[WhiteElo "2471"]
[BlackElo "2246"]
[WhiteFideId "900133"]
[BlackFideId "1128175"]
[EventDate "2012.12.15"]

1. d4 d6 2. e4 g6 3. Nf3 Bg7 4. Bc4 Nf6 5. Qe2 O-O 6. e5 Ne8 7. h3 c5 8. dxc5
dxe5 9. Nxe5 Qa5+ 10. Nd2 Qxc5 11. Ndf3 Nd6 12. Bb3 Nc6 13. Be3 Qa5+ 14. Bd2 Qc5
15. Be3 Qa5+ 16. Bd2 Qc5 17. Nd3 Qb6 18. O-O a5 19. a4 Bf5 20. Nf4 Be4 21. Be3
Qa6 22. Nd3 Bxb2 23. Rab1 Bg7 24. Ng5 Bxd3 25. cxd3 Nb4 26. Rfd1 h6 27. Nf3 Rac8
28. Bf4 e6 29. g4 Rfd8 30. Ne5 Ne8 31. Bc4 Qb6 32. Be3 Qd6 33. Bf4 Qb6 34. Be3
Qd6 35. Bf4 Qb6 36. Bb5 Nf6 37. Nc4 Qc5 38. Be3 Qe7 39. Bb6 Nfd5 40. Bxa5 Nc3
41. Qf3 Nbd5 42. Bxd8 Rxd8 43. Rb3 Nxd1 44. Qxd1 Bd4 45. Qf3 Qg5 46. Rb1 h5 47.
Re1 Nf4 48. Ne3 b6 49. Ng2 Nxg2 50. Kxg2 hxg4 51. Qxg4 Qxg4+ 52. hxg4 Rc8 53.
Re2 Kg7 54. f4 g5 55. f5 exf5 56. gxf5 Kf6 57. Re4 Be5 58. d4 Bf4 59. Re2 Rc7
60. d5 Kxf5 61. Bc6 Kg4 62. Rb2 Re7 63. Rxb6 Re2+ 64. Kf1 Ra2 65. Rb3 Bg3 66.
Rb4+ Bf4 67. d6 Kg3 68. d7 Rd2 69. a5 Rd1+ 70. Ke2 Rd2+ 71. Ke1 Rd6 72. Rb3+ Kh2
73. a6 Bg3+ 74. Rxg3 Kxg3 75. a7 Re6+ 76. Kd2 Rd6+ 77. Ke3 Re6+ 78. Kd4 1-0

[Event "Amplico ch-EUR Rapid"]
[Site "Warsaw POL"]
[Date "2012.12.16"]
[Round "10.47"]
[White "Rudnicki, Milosz"]
[Black "Akesson, Ralf"]
[Result "0-1"]
[BlackTitle "GM"]
[WhiteElo "2229"]
[BlackElo "2441"]
[WhiteFideId "1120077"]
[BlackFideId "1700120"]
[EventDate "2012.12.15"]

1. e4 c6 2. d4 d5 3. exd5 cxd5 4. c4 Nf6 5. Nc3 e6 6. Nf3 Bb4 7. Bd3 dxc4 8.
Bxc4 O-O 9. O-O a6 10. a3 Be7 11. a4 Nbd7 12. Re1 Nb6 13. Bd3 Nbd5 14. Nxd5 Nxd5
15. Ne5 Bf6 16. Bb1 b6 17. Qd3 g6 18. Bh6 Bg7 19. Bxg7 Kxg7 20. Ng4 Bb7 21. Qg3
Qg5 22. Be4 h5 23. Qe5+ Qxe5 24. Nxe5 Ra7 25. Rac1 Nf6 26. Bxb7 Rxb7 27. Rc6 Rd8
28. Rd1 Nd5 29. Kf1 Ne7 30. Rc2 Rd6 31. Ke2 f6 32. Nc4 Rd5 33. Ne3 Rd8 34. Rc4
Kf7 35. h3 Rbd7 36. g4 hxg4 37. hxg4 g5 38. b3 Ng6 39. Kf3 Nf4 40. Ke4 Kg6 41.
Rc6 Rd6 42. Rxd6 Rxd6 43. d5 exd5+ 44. Nxd5 Kf7 45. Ne3 Re6+ 46. Kf3 Rc6 47. Rd4
Ng6 48. Nc4 Ke6 49. Ke3 b5 50. axb5 axb5 51. Na3 Rc3+ 52. Rd3 Rc5 53. f3 Nf4 54.
Rd4 Rc3+ 55. Kf2 Rxb3 56. Re4+ Kd5 57. Re3 Nd3+ 0-1

[Event "Amplico ch-EUR Rapid"]
[Site "Warsaw POL"]
[Date "2012.12.16"]
[Round "11.2"]
[White "Shirov, Alexei"]
[Black "Sargissian, Gabriel"]
[Result "1-0"]
[WhiteTitle "GM"]
[BlackTitle "GM"]
[WhiteElo "2708"]
[BlackElo "2666"]
[WhiteFideId "2209390"]
[BlackFideId "13300881"]
[EventDate "2012.12.15"]

1. e4 e5 2. Nf3 Nc6 3. Bb5 Nf6 4. O-O Nxe4 5. d4 Nd6 6. Bxc6 dxc6 7. dxe5 Nf5 8.
Qxd8+ Kxd8 9. Nc3 Ke8 10. h3 h5 11. Bf4 Be7 12. Rad1 Be6 13. Ng5 Rh6 14. Rfe1 h4
15. Nce4 Rg6 16. Nxe6 Rxe6 17. g4 hxg3 18. fxg3 c5 19. c3 a5 20. h4 a4 21. a3
Nh6 22. Kg2 Ng4 23. Ng5 Rb6 24. Re2 Rd8 25. Rxd8+ Bxd8 26. Kf3 Nh6 27. Ne4 Rc6
28. h5 Ng8 29. g4 Be7 30. g5 Bf8 31. Kg4 b5 32. h6 gxh6 33. Nf6+ Nxf6+ 34. exf6+
Kd7 35. Rd2+ Ke8 36. gxh6 Rxf6 37. Bg5 Rd6 38. Rxd6 cxd6 39. h7 Bg7 40. Kf5 1-0

[Event "Amplico ch-EUR Rapid"]
[Site "Warsaw POL"]
[Date "2012.12.16"]
[Round "11.4"]
[White "Gajewski, Grzegorz"]
[Black "Vachier-Lagrave, Maxime"]
[Result "0-1"]
[WhiteTitle "GM"]
[BlackTitle "GM"]
[WhiteElo "2644"]
[BlackElo "2711"]
[WhiteFideId "1116207"]
[BlackFideId "623539"]
[EventDate "2012.12.15"]

1. d4 Nf6 2. c4 g6 3. Nc3 d5 4. Bg5 Bg7 5. Nf3 Ne4 6. h4 c5 7. cxd5 Nxc3 8. bxc3
cxd4 9. c4 Qa5+ 10. Qd2 Qxd2+ 11. Kxd2 Nd7 12. Re1 Nc5 13. e4 e5 14. h5 h6 15.
Bh4 g5 16. Bg3 f6 17. Bd3 Bd7 18. Rb1 b6 19. Bc2 O-O 20. Ne1 f5 21. f3 Rac8 22.
exf5 Nb7 23. Nd3 Nd6 24. Bb3 Bxf5 25. Bxe5 Bxe5 26. Nxe5 Bxb1 27. Rxb1 Rce8 28.
Nc6 Rf4 29. Nxa7 g4 30. Nb5 gxf3 31. Nxd6 Re2+ 32. Kd3 Re3+ 33. Kd2 fxg2 34. Rg1
Rf2+ 0-1

[Event "Amplico ch-EUR Rapid"]
[Site "Warsaw POL"]
[Date "2012.12.16"]
[Round "11.6"]
[White "Ragger, Markus"]
[Black "Le Roux, Jean-Pierre"]
[Result "1-0"]
[WhiteTitle "GM"]
[BlackTitle "GM"]
[WhiteElo "2655"]
[BlackElo "2569"]
[WhiteFideId "1610856"]
[BlackFideId "609404"]
[EventDate "2012.12.15"]

1. Nf3 Nf6 2. c4 g6 3. Nc3 d5 4. cxd5 Nxd5 5. g3 Bg7 6. Bg2 O-O 7. O-O Nc6 8. d4
Bf5 9. Re1 Nxc3 10. bxc3 Qd7 11. Bf4 Rac8 12. d5 Na5 13. Ne5 Bxe5 14. Bxe5 b6
15. Qc1 f6 16. Bf4 Nc4 17. Qd1 Rfd8 18. Qb3 Na5 19. Qa3 g5 20. Bc1 c5 21. e4 Bh3
22. Bh1 e5 23. dxe6 Bxe6 24. Be3 Nc4 25. Qc1 Ne5 26. Rd1 Qxd1+ 27. Qxd1 Rxd1+
28. Rxd1 Bxa2 29. f4 Nc4 30. Bc1 a5 31. e5 fxe5 32. Bd5+ Kg7 33. fxe5 h6 34. e6
Re8 35. h4 Kf6 36. hxg5+ hxg5 37. Re1 Bb3 38. e7 a4 39. Re6+ Kf5 40. g4+ Kxg4
41. Bc6 Nd6 42. Re5 Bf7 43. Rxg5+ Kh4 44. Bxe8 Nxe8 45. Rf5 Bg6 46. Rf4+ Kg3 47.
Rxa4 b5 48. Ra6 Bf7 49. Rb6 Kg4 50. Rxb5 c4 51. Rc5 Be6 52. Kf2 Bf7 53. Rg5+ Kh4
54. Ra5 Kg4 55. Ke1 Be6 56. Be3 Kf3 57. Bd4 Kf4 58. Kd2 Bf7 59. Kc1 Ke4 60. Kb2
Kf4 61. Ka3 Ke4 62. Kb4 Kf4 63. Re5 1-0

[Event "Amplico ch-EUR Rapid"]
[Site "Warsaw POL"]
[Date "2012.12.16"]
[Round "11.7"]
[White "Tkachiev, Vladislav"]
[Black "Popov, Valerij"]
[Result "1-0"]
[WhiteTitle "GM"]
[BlackTitle "GM"]
[WhiteElo "2650"]
[BlackElo "2557"]
[WhiteFideId "618438"]
[BlackFideId "4119410"]
[EventDate "2012.12.15"]

1. d4 d5 2. c4 c6 3. Nf3 Nf6 4. e3 Bf5 5. Nc3 a6 6. cxd5 cxd5 7. Ne5 h6 8. Qb3
Ra7 9. Bd2 e6 10. Rc1 Nbd7 11. Nxd7 Nxd7 12. Bb5 Bd6 13. Bxd7+ Kxd7 14. Na4 b5
15. Nc5+ Ke7 16. a4 Qb8 17. a5 Bxh2 18. e4 Bxe4 19. Nxe4 dxe4 20. g3 Bxg3 21.
fxg3 Rd8 22. Bf4 Qa8 23. O-O f6 24. Qe3 Rdd7 25. Rce1 g5 26. Qa3+ Kf7 27. Be5 f5
28. g4 Kg6 29. gxf5+ exf5 30. Rxf5 Kxf5 31. Rf1+ Kg6 32. Rf6+ Kh7 33. Qh3 1-0

[Event "Amplico ch-EUR Rapid"]
[Site "Warsaw POL"]
[Date "2012.12.16"]
[Round "11.8"]
[White "Zhigalko, Andrey"]
[Black "Socko, Bartosz"]
[Result "0-1"]
[WhiteTitle "GM"]
[BlackTitle "GM"]
[WhiteElo "2589"]
[BlackElo "2631"]
[WhiteFideId "13502247"]
[BlackFideId "1107038"]
[EventDate "2012.12.15"]

1. e4 e6 2. d4 d5 3. Nc3 Bb4 4. a3 Bxc3+ 5. bxc3 Ne7 6. e5 c5 7. Qg4 Kf8 8. dxc5
Qc7 9. Nf3 Nd7 10. Qh5 Ng6 11. Be3 Ndxe5 12. Nxe5 Qxe5 13. Qxe5 Nxe5 14. Rb1 Nc6
15. Be2 Ke7 16. h4 e5 17. f4 Rb8 18. fxe5 Nxe5 19. O-O Be6 20. c6 b6 21. Bf4 f6
22. Bb5 Rbc8 23. Rfe1 Nxc6 24. Rbd1 Kf7 25. c4 d4 26. Bxc6 Rxc6 27. Rxd4 Rxc4
28. Rxc4 Bxc4 29. Rd1 Be6 30. Rd4 Rc8 31. Ra4 a5 32. Be3 Rc6 33. Rf4 b5 34. Bd2
a4 35. c3 Bd5 36. Kf2 Ke6 37. Rd4 Rc8 38. g3 Kd6 39. Rg4 g6 40. Rd4 Re8 41. Bf4+
Kc6 42. Be3 Re5 43. Bf4 Re8 44. Be3 h5 45. Rf4 Re6 46. Rd4 Re8 47. Rf4 Rf8 48.
Ke1 Kd6 49. Kf2 Ke6 50. Rb4 Bc4 51. Rb2 g5 52. Rd2 gxh4 53. gxh4 Rg8 54. Bf4 Kf5
55. Rd4 Rg4 56. Be3 Rg8 57. Rd6 Ke5 58. Rb6 f5 59. Rh6 Bd5 60. Bg5 Rc8 61. Rb6
Bc6 62. Ke3 Kd5 63. Kf4 Bd7 64. Bf6 Rg8 65. Bg5 Re8 66. Rh6 Re4+ 67. Kf3 Kc4 68.
Bf6 Kb3 69. Rxh5 Kxa3 70. Rh7 Bc6 71. Kf2 Kb3 72. Rc7 Re6 73. Bg7 a3 74. h5 a2
75. Ra7 Re7 76. Rxe7 a1=Q 77. h6 Qh1 78. Bf8 f4 79. h7 Qh2+ 80. Ke1 f3 81. c4
f2+ 82. Ke2 Bf3+ 0-1

[Event "Amplico ch-EUR Rapid"]
[Site "Warsaw POL"]
[Date "2012.12.16"]
[Round "11.10"]
[White "Kempinski, Robert"]
[Black "Olszewski, Michal"]
[Result "0-1"]
[WhiteTitle "GM"]
[BlackTitle "GM"]
[WhiteElo "2599"]
[BlackElo "2533"]
[WhiteFideId "1105663"]
[BlackFideId "1121251"]
[EventDate "2012.12.15"]

1. d4 Nf6 2. c4 e6 3. Nf3 c5 4. e3 d5 5. a3 dxc4 6. Bxc4 a6 7. O-O b5 8. Ba2 Bb7
9. Nc3 Be7 10. Qe2 Nbd7 11. Rd1 Qc7 12. Bd2 Rc8 13. Rac1 Qb8 0-1

[Event "Amplico ch-EUR Rapid"]
[Site "Warsaw POL"]
[Date "2012.12.16"]
[Round "11.11"]
[White "Neiksans, Arturs"]
[Black "Kovalev, Vladislav"]
[Result "0-1"]
[WhiteTitle "GM"]
[BlackTitle "IM"]
[WhiteElo "2534"]
[BlackElo "2482"]
[WhiteFideId "11601388"]
[BlackFideId "13504398"]
[EventDate "2012.12.15"]

1. e4 e5 2. Nf3 Nc6 3. Bb5 a6 4. Ba4 Nf6 5. O-O Be7 6. d3 b5 7. Bb3 O-O 8. a4 b4
9. a5 d6 10. Nbd2 Nd7 11. Bd5 Bb7 12. Nb3 Nf6 13. Bc4 d5 14. exd5 Nxd5 0-1

[Event "Amplico ch-EUR Rapid"]
[Site "Warsaw POL"]
[Date "2012.12.16"]
[Round "11.13"]
[White "Tazbir, Marcin"]
[Black "Istratescu, Andrei"]
[Result "1-0"]
[WhiteTitle "IM"]
[BlackTitle "GM"]
[WhiteElo "2555"]
[BlackElo "2654"]
[WhiteFideId "1122452"]
[BlackFideId "1200372"]
[EventDate "2012.12.15"]

1. e4 e6 2. d4 d5 3. Nc3 Bb4 4. e5 c5 5. a3 Bxc3+ 6. bxc3 Qa5 7. Bd2 Qa4 8. Nf3
b6 9. h4 Ba6 10. h5 h6 11. Rh4 Bxf1 12. Kxf1 c4 13. Rg4 Rh7 14. Rf4 Nd7 15. Ne1
f5 16. exf6 Ngxf6 17. Qe2 Qc6 18. Nf3 Nxh5 19. Rh4 1-0

[Event "Amplico ch-EUR Rapid"]
[Site "Warsaw POL"]
[Date "2012.12.16"]
[Round "11.23"]
[White "Moranda, Wojciech"]
[Black "Szwed, Jacek"]
[Result "1-0"]
[WhiteTitle "GM"]
[BlackTitle "FM"]
[WhiteElo "2559"]
[BlackElo "2251"]
[WhiteFideId "1122401"]
[BlackFideId "1126431"]
[EventDate "2012.12.15"]

1. d4 e6 2. c4 c5 3. d5 exd5 4. cxd5 d6 5. Nc3 g6 6. e4 a6 7. a4 Bg7 8. f4 Ne7
9. Nf3 Bg4 10. Be2 Bxf3 11. Bxf3 Nd7 12. O-O O-O 13. a5 b5 14. axb6 Qxb6 15. Kh1
Rfe8 16. e5 Rad8 17. e6 Nf6 18. g4 fxe6 19. dxe6 d5 20. g5 Ne4 21. Qe2 Nxc3 22.
bxc3 Qb5 23. Rxa6 Qxe2 24. Bxe2 Bxc3 25. Bb5 Ra8 26. Rd6 Reb8 27. Be2 d4 28. Rd7
Kf8 1-0

[Event "Amplico ch-EUR Rapid"]
[Site "Warsaw POL"]
[Date "2012.12.16"]
[Round "11.24"]
[White "Tomczak, Jacek"]
[Black "Eggink, Ryszard"]
[Result "1-0"]
[WhiteTitle "GM"]
[WhiteElo "2558"]
[BlackElo "2063"]
[WhiteFideId "1124668"]
[BlackFideId "1125869"]
[EventDate "2012.12.15"]

1. e4 c5 2. Nf3 d6 3. d4 cxd4 4. Nxd4 Nf6 5. Nc3 a6 6. Bc4 e6 7. Bb3 Qc7 8. O-O
Be7 9. f4 O-O 10. Qf3 b5 11. e5 Bb7 12. exf6 Bxf3 13. fxe7 Qxe7 14. Rxf3 d5 15.
Be3 Nd7 16. Raf1 Qd6 17. Rg3 Kh8 18. f5 Rg8 19. Nf3 b4 20. Ng5 Rgf8 21. Na4 Nf6
22. Bc5 Qc6 23. Bxf8 Rxf8 24. fxe6 fxe6 25. Re3 Re8 26. c3 bxc3 27. Rxc3 Qb5 1-0